| 000 | 00411nam a22001577a 4500 | ||
|---|---|---|---|
| 020 | _a0335207197 | ||
| 082 |
_a808.042 _bMUR _cD |
||
| 100 |
_aRowena Murray _946437 |
||
| 245 | _aHow To Write A Thesis | ||
| 260 |
_aGreat Britian _bBiddles Ltd |
||
| 300 | _axiv, 290 P, : | ||
| 526 |
_a0 _b0 _c0 _d808_042000000000000_MUR |
||
| 526 |
_a0 _b0 _c0 _d808_042000000000000_MUR |
||
| 650 |
_aMCE _9379 |
||
| 942 |
_2ddc _cBK |
||
| 999 |
_c549774 _d549774 |
||